000 00572nam a2200217 i 4500
001 C2-0112392
003 PPAK
005 20180727103842.0
008 970702s1971 my |||| ||||| | may d
040 _aPPAK
_beng
_cPPAK
_erda
082 0 4 _a320.9595
_223
090 0 0 _a320.9595
_bARA
_dKIH
245 0 0 _aKa-Arah keharmonian negara
264 1 _a[Kuala Lumpur] :
_b[Kerajaan Malaysia] ,
_c1971
300 _a14 pages ;
_c24 cm
336 _2rdacontent
_atext
337 _2rdamedia
_aunmediated
338 _2rdacarrier
_avolume
650 1 0 _aMalaysia
942 _ddc
_cB
999 _c28252
_d28252